000 00539nam a22002171c 4500
001 a987664787
008 091021s2005 gw |||| 000u rus d
041 _arus
245 0 0 _a"Drugoe iskusstvo" :
_bMoskva 1956-1988
264 _aMoskva,
_c2005
300 _a431 S.
650 0 _aKunst
650 0 _aAvantgarde
650 0 _aOpposition
700 1 _aAlpatova, I.
_eHerausgeberIn
700 1 _aTaločkin, L.
_eHerausgeberIn
700 1 _aTamruči, N.
_eHerausgeberIn
942 _cMG
040 _cRU-10907106
003 RU-10907106
999 _c18091
_d18091